Estatísticas para Os 15 principais países com mortes por Covid19; 22 de agosto

Clique aqui para jogar o quiz

Estatísticas Gerais

  • Esse quiz foi jogado 3 vezes
  • A pontuação média é 14 de 20

Estatísticas das Respostas

país% Correto
Brasil
100%
Espanha
100%
Estados Unidos
100%
França
100%
Itália
100%
México
100%
Peru
100%
Reino Unido
100%
Rússia
100%
Bélgica
67%
Chile
67%
Colômbia
67%
Índia
67%
Irão
67%
Panamá
67%
África do Sul
33%
Irlanda
33%
Países Baixos
33%
Suécia
33%
Bolívia
0%

Distribuição das Pontuações

Percentil de Números Respondidos

Porcentagem de Pessoas com Cada Pontuação

Sua Pontuação Histórica

Você não jogou esse quiz